Humanismo ejercicio dinámico del pensamiento / (Registro nro. 6873)

Detalles MARC
000 -LEADER
fixed length control field 01142nam a22002417a 4500
003 - CONTROL NUMBER IDENTIFIER
control field OSt
005 - DATE AND TIME OF LATEST TRANSACTION
control field 20200921160822.0
008 - FIXED-LENGTH DATA ELEMENTS--GENERAL INFORMATION
fixed length control field 200921s2009 ck ac||gr|||| 00| 0dspa d
020 ## - INTERNATIONAL STANDARD BOOK NUMBER
International Standard Book Number 9789589804858
040 ## - CATALOGING SOURCE
Original cataloging agency CO-JMCR
Transcribing agency CO-JMCR
041 0# - LANGUAGE CODE
Language code of text/sound track or separate title spa
082 04 - DEWEY DECIMAL CLASSIFICATION NUMBER
Classification number 144 /
Item number M828h
Edition number 23
100 1# - MAIN ENTRY--PERSONAL NAME
Personal name Morales Benítez, olympo,
Relator term autor
9 (RLIN) 10610
245 10 - TITLE STATEMENT
Title Humanismo ejercicio dinámico del pensamiento /
Statement of responsibility, etc. compilado por Olimpo Morales Benítez y Carlos Patricio Eastman Barona
250 ## - EDITION STATEMENT
Edition statement Primera edición
260 ## - PUBLICATION, DISTRIBUTION, ETC.
Place of publication, distribution, etc. Pereira (Colombia) :
Name of publisher, distributor, etc. Fundación Universitaria del Area Andina,
Date of publication, distribution, etc. 2009.
300 ## - PHYSICAL DESCRIPTION
Extent 338 páginas :
Other physical details ilustraciones, retratos, fotografías a blanco y negro ;
Dimensions 23 cm.
490 0# - SERIES STATEMENT
Series statement Biblioteca Otto Morales Benítez
505 0# - FORMATTED CONTENTS NOTE
Formatted contents note Énfasis en humanismo. -- Alcance y sentido de la ottoniana. -- Un raro ejemplar humano -- Maestro de maestros -- Hacia un humanismo dinámico -- El humanismo social -- El ensayo como instrumento de expresión -- Dos influencias en su ideario -- La majestad de la palabra
650 24 - SUBJECT ADDED ENTRY--TOPICAL TERM
Topical term or geographic name entry element Humanismo
9 (RLIN) 10611
650 24 - SUBJECT ADDED ENTRY--TOPICAL TERM
Topical term or geographic name entry element Otto Morales Benitez
General subdivision Bibliografía
9 (RLIN) 10612
942 ## - ADDED ENTRY ELEMENTS (KOHA)
Source of classification or shelving scheme Dewey Decimal Classification
Koha item type Books
Existencias
Withdrawn status Lost status Source of classification or shelving scheme Damaged status Not for loan Home library Current library Shelving location Date acquired Source of acquisition Total Checkouts Full call number Barcode Date last seen Date last checked out Copy number Price effective from Koha item type
    Dewey Decimal Classification     Biblioteca Pública José María del Castillo y Rada Biblioteca Pública José María del Castillo y Rada General Stacks 04/15/2018 Donación 3 144 / M828h 201810109 08/08/2025 08/06/2025 Ej.1 04/15/2018 Books